=LDR 00000nam 2200000 4500 =001 INLIS000000000000098 =005 20150114110309.0 =006 =007 =008 Ind =035 ##$$0010-061300000000098 =041 ##$$a Ind =082 ##$$a 915.980 60 =090 ##$$a 915.980 60 Ind k =245 ##$$a Kongres Kebudayaan 1991 =260 ##$$aJakarta$bDepdikbud$c1992 =300 ##$$a ...jil . ; 21 cm =650 ##$$a Kebudayaan Indonesia =650 ##$$a Kongres dan Konverensi =850 ##$$a NBPDMAT